<?xml version="1.0" encoding="UTF-8"?>
<record
    xmlns:xsi="http://www.w3.org/2001/XMLSchema-instance"
    xsi:schemaLocation="http://www.loc.gov/MARC21/slim http://www.loc.gov/standards/marcxml/schema/MARC21slim.xsd"
    xmlns="http://www.loc.gov/MARC21/slim">

  <leader>01021cam a2200277 a 4500</leader>
  <controlfield tag="001">329</controlfield>
  <controlfield tag="003">BR-CuiBMT</controlfield>
  <controlfield tag="005">20231121200652.0</controlfield>
  <controlfield tag="008">231030s2016    mgb           000 0 por d</controlfield>
  <datafield tag="020" ind1=" " ind2=" ">
    <subfield code="a">9788545001805</subfield>
  </datafield>
  <datafield tag="040" ind1=" " ind2=" ">
    <subfield code="a">BR-CuiBMT</subfield>
    <subfield code="c">BR-CuiBMT</subfield>
  </datafield>
  <datafield tag="080" ind1=" " ind2=" ">
    <subfield code="2">2007</subfield>
    <subfield code="a">347</subfield>
  </datafield>
  <datafield tag="090" ind1=" " ind2=" ">
    <subfield code="a">347</subfield>
    <subfield code="b">D598</subfield>
  </datafield>
  <datafield tag="245" ind1="0" ind2="2">
    <subfield code="a">O direito civil entre o sujeito e a pessoa :</subfield>
    <subfield code="b">estudos em homenagem ao professor Stefano Rodot&#xE0; /</subfield>
    <subfield code="c">Gustavo Tepedino, Ana Carolina Brochado Teixeira, Vitor Almeida, coordenadores ; [autores Aline de Miranda Valverde Terra ... et al.].</subfield>
  </datafield>
  <datafield tag="260" ind1=" " ind2=" ">
    <subfield code="a">Belo Horizonte :</subfield>
    <subfield code="b">F&#xF3;rum,</subfield>
    <subfield code="c">2016.</subfield>
  </datafield>
  <datafield tag="300" ind1=" " ind2=" ">
    <subfield code="a">488 p. ;</subfield>
    <subfield code="c">21 cm</subfield>
  </datafield>
  <datafield tag="504" ind1=" " ind2=" ">
    <subfield code="a">Inclui bibliografia.</subfield>
  </datafield>
  <datafield tag="600" ind1="1" ind2=" ">
    <subfield code="a">Rodot&#xE0;, Stefano</subfield>
    <subfield code="x">Jurista</subfield>
    <subfield code="z">It&#xE1;lia</subfield>
  </datafield>
  <datafield tag="650" ind1=" " ind2=" ">
    <subfield code="a">Direito civil</subfield>
    <subfield code="z">Brasil</subfield>
  </datafield>
  <datafield tag="650" ind1=" " ind2=" ">
    <subfield code="a">Direito constitucional</subfield>
    <subfield code="z">Brasil</subfield>
  </datafield>
  <datafield tag="700" ind1="1" ind2=" ">
    <subfield code="a">Tepedino, Gustavo</subfield>
    <subfield code="4">coord.</subfield>
  </datafield>
  <datafield tag="700" ind1="1" ind2=" ">
    <subfield code="a">Teixeira, Ana Carolina Brochado</subfield>
    <subfield code="4">coord.</subfield>
  </datafield>
  <datafield tag="700" ind1=" " ind2=" ">
    <subfield code="a">Almeida, Vitor</subfield>
    <subfield code="4">coord.</subfield>
  </datafield>
  <datafield tag="710" ind1="1" ind2=" ">
    <subfield code="a">Terra, Aline de Miranda Valverde</subfield>
    <subfield code="e">et al.</subfield>
    <subfield code="e">autores</subfield>
  </datafield>
  <datafield tag="942" ind1=" " ind2=" ">
    <subfield code="2">udc</subfield>
    <subfield code="c">LV</subfield>
  </datafield>
  <datafield tag="952" ind1=" " ind2=" ">
    <subfield code="0">0</subfield>
    <subfield code="1">0</subfield>
    <subfield code="2">udc</subfield>
    <subfield code="4">0</subfield>
    <subfield code="7">0</subfield>
    <subfield code="a">BIBTCEMT</subfield>
    <subfield code="b">BIBTCEMT</subfield>
    <subfield code="d">2023-10-30</subfield>
    <subfield code="l">0</subfield>
    <subfield code="o">347 D598</subfield>
    <subfield code="p">BIBTCEMT23100039</subfield>
    <subfield code="r">2023-10-30</subfield>
    <subfield code="t">Ex. 1</subfield>
    <subfield code="w">2023-10-30</subfield>
    <subfield code="y">LV</subfield>
  </datafield>
  <datafield tag="952" ind1=" " ind2=" ">
    <subfield code="0">0</subfield>
    <subfield code="1">0</subfield>
    <subfield code="2">udc</subfield>
    <subfield code="4">0</subfield>
    <subfield code="7">0</subfield>
    <subfield code="a">BIBTCEMT</subfield>
    <subfield code="b">BIBTCEMT</subfield>
    <subfield code="d">2023-10-30</subfield>
    <subfield code="l">0</subfield>
    <subfield code="o">347 D598</subfield>
    <subfield code="p">BIBTCEMT23100040</subfield>
    <subfield code="r">2023-10-30</subfield>
    <subfield code="t">Ex. 2</subfield>
    <subfield code="w">2023-10-30</subfield>
    <subfield code="y">LV</subfield>
  </datafield>
  <datafield tag="999" ind1=" " ind2=" ">
    <subfield code="c">329</subfield>
    <subfield code="d">329</subfield>
  </datafield>
</record>
